PPP a financovanie obecných potrieb - úvod do problematiky

Verejno-súkromné partnerstva ako progresívny spôsob financovania projektov. Slovensko a PPP. Legislatívny rámec PPP.

Enregistré dans:
Détails bibliographiques
Auteur principal: Hodál, Matej
Format: Chapitre de livre
Langue:slovaque
Sujets:
Tags: Ajouter un tag
Pas de tags, Soyez le premier à ajouter un tag!

MARC

LEADER 00000naa$a2200000$$$4500
001 0116721
005 20231127104743.8
041 0 |a slo 
044 |a SK 
245 1 0 |a PPP a financovanie obecných potrieb - úvod do problematiky  |c Matej Hodál 
520 |a Verejno-súkromné partnerstva ako progresívny spôsob financovania projektov. Slovensko a PPP. Legislatívny rámec PPP. 
610 2 0 |a partnerstvo verejno-súkromné 
610 2 0 |a legislatíva 
610 2 0 |a Slovensko 
610 2 0 |a obce 
610 2 0 |a projekty investičné 
100 1 |a Hodál, Matej